Ant-Counterfeit and Intellectual property Law and Policy (Record no. 20518)
[ view plain ]
| 000 -LEADER | |
|---|---|
| fixed length control field | 00417nam a22001337a 4500 |
| 008 - FIXED-LENGTH DATA ELEMENTS--GENERAL INFORMATION | |
| fixed length control field | 241008b |||||||| |||| 00| 0 eng d |
| 020 ## - INTERNATIONAL STANDARD BOOK NUMBER | |
| International Standard Book Number | 978-9914981520 |
| 050 ## - LIBRARY OF CONGRESS CALL NUMBER | |
| Classification number | KI401.A6 |
| Item number | .A58 |
| 245 ## - TITLE STATEMENT | |
| Title | Ant-Counterfeit and Intellectual property Law and Policy |
| 260 ## - PUBLICATION, DISTRIBUTION, ETC. (IMPRINT) | |
| Place of publication, distribution, etc. | Nairobi, Kenya |
| Name of publisher, distributor, etc. | Kabarak University Press |
| Date of publication, distribution, etc. | 2024 |
| 300 ## - PHYSICAL DESCRIPTION | |
| Extent | viii, 114p. |
| 440 ## - SERIES STATEMENT/ADDED ENTRY--TITLE | |
| Title | Discussion paper series (2024) |
| Number of part/section of a work | DPS 1/2024 |
| 942 ## - ADDED ENTRY ELEMENTS (KOHA) | |
| Source of classification or shelving scheme | Library of Congress Classification |
| Koha item type | General Collection |
| Withdrawn status | Lost status | Source of classification or shelving scheme | Not for loan | Home library | Current library | Date acquired | Inventory number | Total Checkouts | Full call number | Barcode | Date last seen | Copy number | Price effective from | Koha item type | Date last checked out |
|---|---|---|---|---|---|---|---|---|---|---|---|---|---|---|---|
| Library of Congress Classification | Kabarak, Main Campus | Kabarak, Main Campus | 08/10/2024 | 2024/0702 | KI401.A6 .A58 2024 C.1 | 33665 | 08/10/2024 | C.1 | 08/10/2024 | General Collection | |||||
| Library of Congress Classification | Kabarak, Main Campus | Kabarak, Main Campus | 08/10/2024 | 2024/0700 | KI401.A6 .A58 2024 C.2 | 33664 | 08/10/2024 | C.2 | 08/10/2024 | General Collection | |||||
| Library of Congress Classification | Kabarak, Main Campus | Kabarak, Main Campus | 08/10/2024 | 2024/0701 | KI401.A6 .A58 2024 C.3 | 33668 | 08/10/2024 | C.3 | 08/10/2024 | General Collection | |||||
| Library of Congress Classification | Kabarak, Main Campus | Kabarak, Main Campus | 08/10/2024 | 2024/0698 | 1 | KI401.A6 .A58 2024 C.4 | 33666 | 07/10/2025 | C.4 | 08/10/2024 | General Collection | 24/09/2025 | |||
| Library of Congress Classification | Kabarak, Main Campus | Kabarak, Main Campus | 08/10/2024 | 2024/0699 | KI401.A6 .A58 2024 C.5 | 33667 | 08/10/2024 | C.5 | 08/10/2024 | General Collection |